000 00314nam a2200121Ia 4500
008 220120s9999||||xx |||||||||||||| ||und||
082 _a004.22 HAM
100 _aHamacher, Carl and others
245 0 _aComputer organization
260 _aTata mcgraw hill company Ltd
_c2000
300 _b0
650 _aELECTRONICS
999 _c136984
_d136984